000 00609nam a22002057a 4500
003 OSt
005 20260618113904.0
008 260618b |||||||| |||| 00| 0 eng d
020 _a9780325077420
040 _cChuka University
050 _aLB 1573 .C35 2015
100 _aCalkins Lucy
_927666
245 _aReading Pathways
_bPerformance assessments and learning progressions
260 _aPortsmouth
_bHeinemann
_c2015
300 _aiv;236pp
650 _aReading (elementary)
650 _aReading--ability testing
_927305
650 _aEducational tests and measurements
_911401
942 _2lcc
_cBK
_n0
999 _c24713
_d24713